Countries qualified for the 2026 World Cup - Statistics

General Stats
  • This quiz has been taken 28 times
    11 since last reset
  • The average score is 21 of 34
Answer Stats
Confederation Date of qualification Answer % Correct
CONMEBOL 25 March 2025 Argentina
100%
CONCACAF 14 February 2023 Canada
100%
CONCACAF 14 February 2023 Mexico
100%
CONMEBOL 10 June 2025 Brazil
89%
UEFA 14 October 2025 England
89%
UEFA 13 November 2025 France
89%
CONCACAF 14 February 2023 United States
89%
UEFA 17 November 2025 Germany
78%
UEFA 17 November 2025 Netherlands
78%
AFC 10 June 2025 Australia
67%
CONMEBOL 4 September 2025 Colombia
67%
CAF 12 October 2025 Ghana
67%
AFC 25 March 2025 Iran
67%
AFC 20 March 2025 Japan
67%
OFC 24 March 2025 New Zealand
67%
UEFA 16 November 2025 Portugal
67%
CONMEBOL 4 September 2025 Uruguay
67%
CAF 8 October 2025 Egypt
56%
CONMEBOL 4 September 2025 Paraguay
56%
CAF 14 October 2025 Senegal
56%
CAF 14 October 2025 South Africa
56%
AFC 5 June 2025 South Korea
56%
CAF 14 October 2025 Ivory Coast
44%
CAF 5 September 2025 Morocco
44%
AFC 14 October 2025 Qatar
44%
AFC 14 October 2025 Saudi Arabia
44%
CAF 9 October 2025 Algeria
33%
UEFA 14 November 2025 Croatia
33%
CONMEBOL 10 June 2025 Ecuador
33%
AFC 5 June 2025 Jordan
33%
UEFA 16 November 2025 Norway
33%
CAF 8 September 2025 Tunisia
33%
AFC 5 June 2025 Uzbekistan
33%
CAF 13 October 2025 Cape Verde
22%
No matching quizzes found
Score Distribution
Percent of People with Each Score
Percentile by Number Answered
Your Score History
You have not taken this quiz since the last reset